000 00798nam a2200253 i 4500
003 DO-SdBNP
005 20250429141108.0
007 ta
008 250429b2024 dr ||||| |||| 00| 0 spa d
020 _a9789945654752
040 _aDO-SdBNP
_bspa
_cBNPHU
_erda
082 _axxx
_bP281
_222
100 1 _aPascual, Juan A
_eautor
_4aut.
_987032
245 1 _aIgnacio McFall :
_b y otros relatos no recomendados /
_cJuan A. Pascual
264 _aSanto Domingo :
_bEditorial Santuario,
_c2024.
300 _a64 páginas :
_c23 cm.
336 _atexto
_btxt
_2rdacontent
337 _asin mediación
_bn
_2rdamedia
338 _avolumen
_bnc
_2rdacarrier
500 _aIncluye datos biografícos en la solapa de la portada.
590 _aInventariado, 2025/ YL
910 _aYLockward
942 _2ddc
_cLBS1
999 _c58197
_d58197